Facts about Bremerhaven - Statistiken

Allgemein
  • Dieses Quiz wurde 74 mal gespielt
  • Das Durchschnittsergebnis liegt bei 6 aus 11
Antwortstatistiken
Hint Antwort % Korrekt
Welche Farbe haben die Busse? Gelb
94%
Wie heißt der Zoo in Bremerhaven? Zoo am Meer
94%
Wie viele Stadtteile hat Bremerhaven? 9
88%
Wie heißt das Segel Event in Bremerhaven? Sail
83%
Welches Tier sieht man am häufigsten in der Stadt? Möwe
63%
Name des höchstens Gebäude in Bremerhaven? Sail City Hotel
63%
In welchem Jahr wurde das Klimahaus in Bremerhaven eröffnet? 2009
60%
Welches berühmte Schiff wurde 2020 Abgewrackt? Seute Deern
29%
Oberbürgermeister? Melf Grantz
27%
In welchem Jahr wurde Bremerhaven gegründet? 1827
15%
Wie heißt die Ausstellung im Klimahaus? 8° Ost
8%
Keine übereinstimmenden Quizze gefunden
Verteilung der Resultate
Anzahl Personen mit jedem Resultat
Perzentil nach korrekt beantworteten Fragen
Ihre Resultats-Entwicklung
Sie haben dieses Quiz noch nicht gespielt